| 000 | 00461nam a2200157Ia 4500 | ||
|---|---|---|---|
| 003 | GCL | ||
| 008 | 140319s9999 xx 000 0 ara d | ||
| 040 |
_aGCL / _cGCL |
||
| 082 | 0 | 4 |
_a920.71 _bع ح |
| 100 | 1 | _aعبدالعزيز عبدالمحسن التويجرى | |
| 245 | 1 | 0 |
_aحاطب ليل ضجر / _cعبدالعزيز عبدالمحسن التويجرى |
| 300 | _a255 ص | ||
| 490 | _a | ||
| 650 | 0 | 4 | _aالتراجم الذاتية |
| 942 |
_2ddc _cBK |
||
| 999 |
_c39057 _d39057 |
||